000 00328nam a2200145Ia 4500
100 _aBahrami A
942 _cBK
654 _asoftware
245 _aDesigning artificial intelligence based software
260 _bGalgotia Publications
_aNew Delhi
_c1992
082 _a6.3
300 _a271
546 _aENGLISH
999 _c32561
_d32561